[Event "26th EUR-ch"]
[Site "Katowice POL"]
[Date "2026.04.09"]
[Round "3.69"]
[White "Vijayakumar, Rishi"]
[Black "Janik, Igor"]
[Result "0-1"]
[WhiteElo "2347"]
[BlackElo "2504"]
[EventDate "2026.04.07"]
[PlyCount "106"]

1.d4 g6 2.c4 Bg7 3.Nf3 d6 4.Nc3 Bg4 5.g3 Bxf3 6.exf3 e6 7.h4 Nf6 8.Be3 c6 
9.Bd3 d5 10.Kf1 dxc4 11.Bxc4 Nbd7 12.Kg2 Nb6 13.Bb3 Nbd5 14.Nxd5 Nxd5 15.
Bg5 Qd7 16.Bxd5 Qxd5 17.Qa4 O-O 18.Rhd1 h6 19.Be3 Rfd8 20.Rac1 Bf8 21.Qc2 
Rd7 22.b3 Rad8 23.Rd2 Qa5 24.Qe4 Rd5 25.Rdc2 R8d7 26.Rc4 Qd8 27.Ra4 a6 28.
Rc2 Bg7 29.Rc5 R5d6 30.Rc2 Rd5 31.Rc5 Qc8 32.Rac4 Bf8 33.b4 Qd8 34.Rc2 
Bxc5 35.bxc5 Qf6 36.f4 h5 37.Rc1 Qf5 38.Qxf5 gxf5 39.a4 a5 40.Rb1 f6 41.
Kf3 Kf7 42.Rc1 Ke7 43.Re1 Kf7 44.Rc1 e5 45.fxe5 fxe5 46.dxe5 Rxe5 47.Kf4 
Kf6 48.Rc4 Red5 49.Rc2 Rd3 50.Rc4 Kg6 51.Rc2 Ra3 52.Rc4 Rb3 53.Kf3 Rb4 0-1

[Event "26th EUR-ch"]
[Site "Katowice POL"]
[Date "2026.04.09"]
[Round "3.70"]
[White "Kaczmarek, Aleksander"]
[Black "Gokerkan, Cem Kaan"]
[Result "0-1"]
[WhiteElo "2340"]
[BlackElo "2501"]
[EventDate "2026.04.07"]
[PlyCount "80"]

1.e4 c5 2.Nf3 d6 3.d4 cxd4 4.Nxd4 Nf6 5.Nc3 a6 6.Bc4 e6 7.Bb3 b5 8.O-O Be7
9.Re1 O-O 10.f4 Bb7 11.e5 dxe5 12.fxe5 Nfd7 13.Nf3 Nc5 14.Be3 Qxd1 15.
Raxd1 Nbd7 16.Bd4 Rfd8 17.Ne2 a5 18.c3 Nxb3 19.axb3 Bd5 20.Nd2 Nc5 21.c4 
Bc6 22.Rf1 Rd7 23.Rf4 Rad8 24.Rdf1 Bg5 25.Bxc5 Bxf4 26.Nf3 Bh6 27.Bd6 bxc4
28.bxc4 Rb7 29.Kf2 Rxb2 30.Nd4 Be8 31.c5 Rc8 32.Kf3 Bd2 33.Ke4 a4 34.Kd3 
a3 35.Nc2 Ba5 36.Ned4 a2 37.Ra1 f6 38.exf6 Bg6+ 39.Ke3 Bxc2 40.Rf1 gxf6 
0-1

[Event "26th EUR-ch"]
[Site "Katowice POL"]
[Date "2026.04.09"]
[Round "3.71"]
[White "Psyk, Radoslaw"]
[Black "Coicev, Matei-Andrei"]
[Result "1-0"]
[WhiteElo "2501"]
[BlackElo "2333"]
[EventDate "2026.04.07"]
[PlyCount "169"]

1.e4 e5 2.Nf3 Nc6 3.Bb5 a6 4.Ba4 Nf6 5.O-O Be7 6.Bxc6 dxc6 7.d3 Nd7 8.Be3 
O-O 9.Nc3 a5 10.a4 f6 11.Ne2 Nc5 12.Nd2 Ne6 13.Kh1 b6 14.Qe1 Bd6 15.f3 Qe7
16.Nc4 Bc5 17.Bd2 Nd4 18.Ne3 Nxe2 19.Qxe2 Bd4 20.Rab1 Be6 21.f4 exf4 22.
Rxf4 Rae8 23.Nf5 Bxf5 24.Rxf5 g6 25.Qg4 Qd7 26.b3 Kh8 27.Rf4 Qxg4 28.Rxg4 
c5 29.Rf4 f5 30.Rbf1 Kg8 31.g3 Bg7 32.R4f2 fxe4 33.Rxf8+ Bxf8 34.Re1 Kf7 
35.Rxe4 Rd8 36.Kg2 Bg7 37.Bg5 Rd7 38.g4 h6 39.Bh4 g5 40.Be1 Bf6 41.Kf3 Bg7
42.h4 Bf6 43.h5 Bg7 44.Bg3 Bf6 45.Re1 Bg7 46.Bf2 Bf6 47.Re4 Bg7 48.Ke2 Bf6
49.Kd2 Bg7 50.c3 Bf6 51.Kc2 Bg7 52.Bg3 Bf6 53.Rc4 Ke6 54.Re4+ Kf7 55.Rc4 
Ke6 56.b4 axb4 57.cxb4 Bd4 58.bxc5 Bxc5 59.a5 Kd5 60.a6 b5 61.Re4 Bd6 62.
Re8 c6 63.a7 Rxa7 64.Rd8 Ra2+ 65.Kb3 Ra3+ 66.Kc2 Ra2+ 67.Kb1 Rg2 68.Rxd6+ 
Kc5 69.Be5 Rxg4 70.Rxh6 Rh4 71.Kc2 g4 72.d4+ Kd5 73.Rd6+ Ke4 74.h6 c5 75.
Bg3 Rh5 76.d5 Rh3 77.Rd8 Rxh6 78.d6 Kf3 79.Be5 Ke4 80.Bg3 Kf3 81.Be5 Ke4 
82.Re8 Rh7 83.Re7 Rxe7 84.dxe7 Kxe5 85.e8=Q+ 1-0

[Event "26th EUR-ch"]
[Site "Katowice POL"]
[Date "2026.04.09"]
[Round "3.72"]
[White "Velten, Paul"]
[Black "Bracker, Frank"]
[Result "1/2-1/2"]
[WhiteElo "2500"]
[BlackElo "2332"]
[EventDate "2026.04.07"]
[PlyCount "96"]

1.d4 Nf6 2.c4 e6 3.Nf3 b6 4.a3 Bb7 5.Bf4 c5 6.e3 cxd4 7.Nxd4 a6 8.Nc3 d6 
9.Nf3 Be7 10.h3 Qc7 11.Be2 Nbd7 12.O-O Ne4 13.Nxe4 Bxe4 14.Rc1 O-O 15.b4 
h6 16.Bh2 Bb7 17.Qb3 e5 18.Nd2 Rac8 19.Qb1 f5 20.Rfd1 Kh8 21.Bf3 Bxf3 22.
Nxf3 Qb7 23.Nd2 g6 24.Nb3 Kh7 25.Qd3 Rc7 26.Nd2 Rfc8 27.e4 f4 28.Rc3 b5 
29.Rdc1 Nb6 30.cxb5 Rxc3 31.Rxc3 Rxc3 32.Qxc3 axb5 33.g3 fxg3 34.Bxg3 Bg5 
35.Nf3 Qc8 36.Qd3 Qc6 37.Nxg5+ hxg5 38.Qd2 Nc4 39.Qxg5 Qxe4 40.Qe7+ Kg8 
41.Qe8+ Kg7 42.Qxb5 Nd2 43.Qd7+ Kh6 44.Qg4 Nf3+ 45.Kf1 Nd2+ 46.Kg1 Nf3+ 
47.Kf1 Nd2+ 48.Kg1 Nf3+ 1/2-1/2

[Event "26th EUR-ch"]
[Site "Katowice POL"]
[Date "2026.04.09"]
[Round "3.73"]
[White "Zanan, Evgeny"]
[Black "Fiedorek, Michal"]
[Result "0-1"]
[WhiteElo "2497"]
[BlackElo "2323"]
[EventDate "2026.04.07"]
[PlyCount "78"]

1.e4 c6 2.d4 d5 3.Nd2 dxe4 4.Nxe4 Nf6 5.Nxf6+ exf6 6.c3 Bd6 7.Bd3 O-O 8.
Qc2 Re8+ 9.Ne2 h5 10.O-O h4 11.Nf4 Qc7 12.g3 Nd7 13.Qd1 Nf8 14.Qh5 b6 15.
Bd2 Bb7 16.Rae1 Rad8 17.b3 a6 18.a4 a5 19.Bc4 Qd7 20.Ng2 hxg3 21.hxg3 g6 
22.Qh4 b5 23.Bd3 Nh7 24.Rxe8+ Rxe8 25.Be3 f5 26.Rd1 Be7 27.Qh6 Nf6 28.Be2 
Ne4 29.Rc1 Ba3 30.Rc2 Bf8 31.Qh3 bxa4 32.bxa4 c5 33.Bb5 Bc6 34.Bxc6 Qxc6 
35.Rc1 Qxa4 36.f3 Nxc3 37.Kh2 cxd4 38.Bg5 Bg7 39.Qh4 Qc6 0-1

[Event "26th EUR-ch"]
[Site "Katowice POL"]
[Date "2026.04.09"]
[Round "3.74"]
[White "Paichadze, Luka"]
[Black "Warchol, Kamil"]
[Result "1-0"]
[WhiteElo "2490"]
[BlackElo "2322"]
[EventDate "2026.04.07"]
[PlyCount "65"]

1.e4 c5 2.Nf3 d6 3.d4 cxd4 4.Qxd4 Nc6 5.Qe3 g6 6.Bc4 Bg7 7.Nc3 Nf6 8.h3 
O-O 9.O-O b6 10.Rd1 Bb7 11.Qe2 Qc7 12.Bg5 Na5 13.Bd3 Rac8 14.Nb5 Qb8 15.c4
Rfe8 16.Rac1 Nd7 17.Nc3 Nc5 18.b3 h6 19.Bh4 Qa8 20.Re1 Nc6 21.Bb1 Ba6 22.
Nd5 Ne6 23.Qd1 Qb8 24.b4 g5 25.b5 gxh4 26.Nxh4 Ncd4 27.bxa6 Nc7 28.Qg4 Kh8
29.Rc3 Rg8 30.Nxe7 Ne2+ 31.Rxe2 Bxc3 32.Qh5 Bg7 33.e5 1-0

[Event "26th EUR-ch"]
[Site "Katowice POL"]
[Date "2026.04.09"]
[Round "3.75"]
[White "Prazak, Daniel"]
[Black "Patrelakis, Evaggelos"]
[Result "1/2-1/2"]
[WhiteElo "2339"]
[BlackElo "2490"]
[EventDate "2026.04.07"]
[PlyCount "50"]

1.e4 c5 2.Nf3 d6 3.d4 cxd4 4.Nxd4 Nf6 5.Nc3 Nc6 6.f3 e5 7.Nb3 Be7 8.Be3 
O-O 9.Qd2 Be6 10.O-O-O a5 11.Bb5 Nb4 12.a3 Qc7 13.Kb1 d5 14.axb4 d4 15.
bxa5 Bxb3 16.cxb3 dxe3 17.Qxe3 Qxa5 18.Ba4 Bc5 19.Qe2 Bd4 20.Nb5 Rfd8 21.
Rd2 Bc5 22.Rhd1 h6 23.Nc3 Bd4 24.Nb5 Bc5 25.Nc3 Bd4 1/2-1/2

[Event "26th EUR-ch"]
[Site "Katowice POL"]
[Date "2026.04.09"]
[Round "3.76"]
[White "Gharibian, Mamikon"]
[Black "David, Alexandru-Vasile"]
[Result "1/2-1/2"]
[WhiteElo "2487"]
[BlackElo "2314"]
[EventDate "2026.04.07"]
[PlyCount "74"]

1.d4 Nf6 2.c4 e6 3.Nc3 Bb4 4.e3 O-O 5.Bd3 d5 6.a3 Bxc3+ 7.bxc3 dxc4 8.Bxc4
c5 9.Nf3 Qa5 10.Bd2 Ne4 11.Bd3 Nxd2 12.Qxd2 Nd7 13.O-O Rd8 14.Rfb1 Qc7 15.
e4 h6 16.a4 b6 17.a5 Bb7 18.h3 bxa5 19.Qa2 a4 20.Qxa4 a5 21.Qb3 Rdb8 22.
Qa2 Nf6 23.Qe2 a4 24.Nd2 Bc6 25.Rc1 Qd7 26.Nc4 cxd4 27.Ne5 Qe8 28.cxd4 Bd7
29.Bc4 Bb5 30.Bxb5 Rxb5 31.Rc7 Qb8 32.Qc2 Rb2 33.Qc1 a3 34.Kh2 Rxf2 35.
Rxa3 Ne8 36.Rxa8 Qxa8 37.Rc2 Rxc2 1/2-1/2

[Event "26th EUR-ch"]
[Site "Katowice POL"]
[Date "2026.04.09"]
[Round "3.77"]
[White "Zakin, Ilay"]
[Black "Talibov, Shiroghlan"]
[Result "0-1"]
[WhiteElo "2330"]
[BlackElo "2482"]
[EventDate "2026.04.07"]
[PlyCount "121"]

1.e4 c5 2.Nf3 d6 3.d4 cxd4 4.Nxd4 Nf6 5.Nc3 a6 6.Be3 e5 7.Nb3 Be6 8.f3 h5 
9.Qd2 Nbd7 10.Nd5 Bxd5 11.exd5 g6 12.O-O-O Qc7 13.Kb1 Bg7 14.Rg1 Rc8 15.
Qf2 Bh6 16.Bxh6 Rxh6 17.c4 Rh8 18.h3 Nc5 19.f4 Nfd7 20.Be2 Nxb3 21.axb3 
Qc5 22.Qf3 Kd8 23.fxe5 Nxe5 24.Qc3 a5 25.Rgf1 Re8 26.g4 hxg4 27.hxg4 Kc7 
28.g5 Kb8 29.Rf6 Rh8 30.Qd4 Qb4 31.Qc3 Qc5 32.Qd4 Rh2 33.Bf1 Qxd4 34.Rxd4 
Rd8 35.Re4 b6 36.Rxe5 dxe5 37.Rxb6+ Ka7 38.Rf6 e4 39.Ka2 Rd7 40.Rf4 Kb6 
41.Rxe4 Rh5 42.Re5 Rd6 43.Bd3 f5 44.Re8 Rxg5 45.Rc8 Rg3 46.Bc2 Rg2 47.Bb1 
Re2 48.Rb8+ Kc5 49.Rb5+ Kd4 50.Rxa5 f4 51.c5 Rxd5 52.Ra4+ Ke5 53.Bxg6 f3 
54.Bh5 Re3 55.Ra8 Rxc5 56.Rf8 Ke4 57.Bg6+ Kd4 58.Rf4+ Ke5 59.Rf5+ Kd6 60.
Rf8 Rg5 61.Bd3 0-1

[Event "26th EUR-ch"]
[Site "Katowice POL"]
[Date "2026.04.09"]
[Round "3.78"]
[White "Kejna, Piotr"]
[Black "Bronstein, Or"]
[Result "1-0"]
[WhiteElo "2311"]
[BlackElo "2481"]
[EventDate "2026.04.07"]
[PlyCount "99"]

1.e4 c5 2.Nf3 d6 3.d4 cxd4 4.Nxd4 Nf6 5.Nc3 a6 6.g3 e5 7.Nb3 Be7 8.Bg5 
Nbd7 9.a4 Qc7 10.Nd2 h6 11.Be3 Nc5 12.h3 Be6 13.Bg2 O-O 14.O-O Rab8 15.Qe2
Rfe8 16.Rfd1 Bd8 17.Nf1 Qc6 18.Bxc5 Qxc5 19.Qd2 Bb6 20.Ne3 Red8 21.Ncd5 
Nxd5 22.Nxd5 Bxd5 23.exd5 f5 24.Ra3 Qc7 25.a5 Bd4 26.c3 Ba7 27.Kh2 Rf8 28.
Rf1 f4 29.Qd3 fxg3+ 30.fxg3 Rxf1 31.Qxf1 Rf8 32.Qd3 Rf2 33.b4 Qe7 34.Qe4 
Qg5 35.h4 Qd2 36.Kh3 Qb2 37.Ra4 Qxc3 38.Qg6 Qc8+ 39.Qe6+ Qxe6+ 40.dxe6 Rd2
41.Bxb7 d5 42.Bxa6 Kf8 43.b5 Bc5 44.Bc8 h5 45.Ra1 e4 46.a6 e3 47.a7 Bxa7 
48.Rxa7 g6 49.Rf7+ Kg8 50.Rf3 1-0

[Event "26th EUR-ch"]
[Site "Katowice POL"]
[Date "2026.04.09"]
[Round "3.79"]
[White "Tarhan, Adar"]
[Black "Diachek, Andrii"]
[Result "1/2-1/2"]
[WhiteElo "2477"]
[BlackElo "2309"]
[EventDate "2026.04.07"]
[PlyCount "116"]

1.Nf3 d5 2.g3 Bg4 3.Bg2 e6 4.O-O Nf6 5.c4 c6 6.Qb3 Qb6 7.d4 Nbd7 8.Nc3 Be7
9.c5 Qa6 10.Bf4 b6 11.cxb6 axb6 12.h3 Bh5 13.g4 Bg6 14.Nh4 O-O 15.Nxg6 
hxg6 16.e3 b5 17.a3 Nb6 18.Rfc1 Nc4 19.a4 b4 20.Nb1 Na5 21.Qd1 Rac8 22.Nd2
c5 23.dxc5 Bxc5 24.Nb3 Nxb3 25.Qxb3 Rfd8 26.Rc2 Bf8 27.Rac1 Ra8 28.Bc7 
Rdc8 29.a5 Qb7 30.Qa4 Ne8 31.Bb6 Rxc2 32.Qxc2 Nd6 33.Qd3 Rc8 34.Rxc8 Nxc8 
35.Qb5 Nxb6 36.axb6 Bd6 37.Bf1 Kh7 38.b3 Qe7 39.Qc6 Bb8 40.Bg2 Qd8 41.Qb7 
Kg8 42.Bf3 g5 43.Qc6 g6 44.Kf1 Qd6 45.Qc8+ Kg7 46.b7 Qc7 47.Qxc7 Bxc7 48.
Ke2 Kf6 49.Kd3 Ke5 50.e4 Bb8 51.exd5 exd5 52.Bg2 Ba7 53.f4+ Kxf4 54.Bxd5 
f6 55.Bf7 Ke5 56.Bxg6 Kd6 57.Kc4 Kc7 58.Be4 Kb8 1/2-1/2

[Event "26th EUR-ch"]
[Site "Katowice POL"]
[Date "2026.04.09"]
[Round "3.80"]
[White "Dyachuk, Artem"]
[Black "Olsen, Filip Boe"]
[Result "1-0"]
[WhiteElo "2323"]
[BlackElo "2474"]
[EventDate "2026.04.07"]
[PlyCount "71"]

1.c4 e6 2.Nf3 d5 3.g3 d4 4.Bg2 c5 5.e3 Nc6 6.exd4 cxd4 7.d3 Nf6 8.O-O h6 
9.Bf4 Nd7 10.Re1 Bb4 11.Bd2 Bc5 12.Na3 O-O 13.Nc2 a5 14.b3 e5 15.a3 Re8 
16.b4 Bf8 17.Bh3 e4 18.Rxe4 Rxe4 19.dxe4 d3 20.Ne3 Nde5 21.Bxc8 Nxf3+ 22.
Qxf3 Qd4 23.Bxb7 Ne5 24.Qd1 Ra7 25.Bd5 Nf3+ 26.Qxf3 Qxa1+ 27.Kg2 a4 28.c5 
Qxa3 29.Nc4 Qa1 30.Qxd3 a3 31.Bc3 Qc1 32.Na5 Rd7 33.c6 Rc7 34.Be5 Re7 35.
Nb3 Qg5 36.c7 1-0

[Event "26th EUR-ch"]
[Site "Katowice POL"]
[Date "2026.04.09"]
[Round "3.81"]
[White "Pantsulaia, Levan"]
[Black "Sapocinic, Semion"]
[Result "1-0"]
[WhiteElo "2472"]
[BlackElo "2307"]
[EventDate "2026.04.07"]
[PlyCount "83"]

1.c4 e6 2.g3 d5 3.Bg2 d4 4.Nf3 Nc6 5.O-O Bc5 6.d3 Nf6 7.Na3 O-O 8.Nc2 a5 
9.b3 e5 10.a3 Bg4 11.Rb1 Qe7 12.h3 Bh5 13.g4 Bg6 14.b4 axb4 15.axb4 Nxb4 
16.Nxb4 Bxb4 17.Nxe5 c5 18.Nxg6 fxg6 19.e4 dxe3 20.Bxe3 Rad8 21.Rb3 Kh8 
22.Bd2 Rd4 23.Bxb4 cxb4 24.Qe1 Re8 25.Qxb4 Qxb4 26.Rxb4 Rxd3 27.Rc1 h5 28.
c5 hxg4 29.hxg4 Re7 30.Rxb7 Rxb7 31.Bxb7 Rd7 32.Bf3 Kg8 33.g5 Nh7 34.c6 
Rc7 35.Bd5+ Kf8 36.f4 Ke7 37.Re1+ Kd6 38.Bg8 Nxg5 39.fxg5 Rxc6 40.Re6+ Kd7
41.Rxc6 Kxc6 42.Kf2 1-0

[Event "26th EUR-ch"]
[Site "Katowice POL"]
[Date "2026.04.09"]
[Round "3.82"]
[White "Mosesov, Danyil"]
[Black "Veljanoski, Andrej"]
[Result "1-0"]
[WhiteElo "2464"]
[BlackElo "2255"]
[EventDate "2026.04.07"]
[PlyCount "87"]

1.d4 d5 2.c4 e6 3.Nf3 Nf6 4.Nc3 c6 5.e3 Nbd7 6.Qc2 Bd6 7.g4 h6 8.Rg1 e5 9.
Be2 dxc4 10.g5 hxg5 11.Nxg5 Rf8 12.Bxc4 Qe7 13.Nge4 exd4 14.Nxd6+ Qxd6 15.
exd4 Nb6 16.Qe2+ Be6 17.Bxe6 fxe6 18.Rxg7 O-O-O 19.Bg5 Qxh2 20.O-O-O Rde8 
21.Qe5 Qxe5 22.dxe5 Nfd5 23.Ne4 Nc4 24.Nd6+ Nxd6 25.exd6 Kb8 26.d7 Rd8 27.
Bxd8 Rxd8 28.Re1 Nc7 29.Reg1 Nd5 30.R1g6 Nf4 31.Rh6 Nd3+ 32.Kc2 Nxf2 33.
Rxe6 Kc7 34.Re2 Nh3 35.Rg4 Rf8 36.d8=Q+ Kxd8 37.Rg7 Nf4 38.Rf2 Rf5 39.Rxb7
a5 40.Kb1 Kc8 41.Rh7 Rf6 42.Rh4 Nd5 43.Rxf6 Nxf6 44.Ra4 1-0

[Event "26th EUR-ch"]
[Site "Katowice POL"]
[Date "2026.04.09"]
[Round "3.83"]
[White "Dovgaliuk, Oleksandr"]
[Black "Blomqvist, Erik"]
[Result "0-1"]
[WhiteElo "2309"]
[BlackElo "2463"]
[EventDate "2026.04.07"]
[PlyCount "88"]

1.e4 e5 2.d4 exd4 3.Qxd4 Nc6 4.Qe3 Nf6 5.Bd2 Bb4 6.a3 Bxd2+ 7.Nxd2 O-O 8.
O-O-O Re8 9.Bb5 Qe7 10.Ngf3 Ne5 11.h3 a6 12.Ba4 b5 13.Bb3 d6 14.Nxe5 dxe5 
15.Nf3 Bb7 16.Ng5 Rf8 17.f3 c5 18.Bd5 h6 19.Bxb7 Qxb7 20.h4 Rfd8 21.Nh3 
Rd4 22.c3 Ra4 23.Qxc5 Rc8 24.Qxe5 a5 25.Kd2 b4 26.cxb4 axb4 27.Rc1 Rd8+ 
28.Ke2 bxa3 29.bxa3 Qa6+ 30.Kf2 Rxe4 31.Qb2 Red4 32.Rc2 Qa7 33.Kg3 Qe7 34.
Rf1 Nh5+ 35.Kh2 Qxh4 36.Kg1 Ng3 37.Re1 Rd1 38.Rc1 R1d2 39.Rc2 Nf5 40.Rf1 
Rd1 41.Rc1 R1d2 42.Rc2 R2d3 43.Qe5 Ne3 44.Nf4 Rd1 0-1

[Event "26th EUR-ch"]
[Site "Katowice POL"]
[Date "2026.04.09"]
[Round "3.84"]
[White "Levin, Guy"]
[Black "Obada, Ema"]
[Result "1-0"]
[WhiteElo "2462"]
[BlackElo "2181"]
[EventDate "2026.04.07"]
[PlyCount "73"]

1.d4 Nf6 2.Nf3 e6 3.c4 c5 4.e3 cxd4 5.exd4 d5 6.Nc3 a6 7.cxd5 Nxd5 8.Bd3 
Nc6 9.O-O Be7 10.Qe2 O-O 11.Rd1 Ncb4 12.Bb1 Nf6 13.Ne5 Bd7 14.Bg5 Nbd5 15.
Qd3 g6 16.Qf3 Bc6 17.Bh6 Re8 18.Ne4 Nb4 19.g4 Bxe4 20.Bxe4 Bf8 21.Bg5 Bg7 
22.Bxb7 Ra7 23.a3 Nbd5 24.Bc6 Rf8 25.Rac1 h6 26.Bh4 Qb6 27.b4 g5 28.Bg3 
Ne7 29.Ba4 Rd8 30.Nc4 Qb7 31.Qxb7 Rxb7 32.Na5 Ra7 33.Bc7 Rc8 34.Bb6 Raa8 
35.Bc5 Ned5 36.Bc6 Rab8 37.f3 1-0

[Event "26th EUR-ch"]
[Site "Katowice POL"]
[Date "2026.04.09"]
[Round "3.85"]
[White "Karpus, Michal"]
[Black "Haring, Filip"]
[Result "1-0"]
[WhiteElo "2243"]
[BlackElo "2461"]
[EventDate "2026.04.07"]
[PlyCount "69"]

1.e4 c6 2.d4 d5 3.exd5 cxd5 4.Nf3 Nf6 5.Ne5 e6 6.Bb5+ Nbd7 7.O-O Qb6 8.c4 
dxc4 9.Nc3 a6 10.Bxc4 Bd6 11.Qe2 O-O 12.Rd1 Re8 13.Bd3 Qc7 14.Bf4 Nf8 15.
Rac1 Qe7 16.Bg5 Qd8 17.Qf3 Be7 18.Be4 Ng6 19.Bxg6 hxg6 20.d5 Bd6 21.Ng4 
exd5 22.Nxf6+ gxf6 23.Nxd5 fxg5 24.Nf6+ Qxf6 25.Qxf6 Bf4 26.Rd8 Bg4 27.
Rxa8 Rxa8 28.Re1 Rf8 29.h3 Bf5 30.g3 Bc7 31.Qxg5 Bd8 32.Qf4 Bd7 33.h4 Bc6 
34.Qe5 Bb6 35.h5 1-0

[Event "26th EUR-ch"]
[Site "Katowice POL"]
[Date "2026.04.09"]
[Round "3.86"]
[White "Antolak, Julia"]
[Black "Hrbek, Stepan"]
[Result "1/2-1/2"]
[WhiteElo "2223"]
[BlackElo "2460"]
[EventDate "2026.04.07"]
[PlyCount "95"]

1.e4 e5 2.Nf3 Nc6 3.Bb5 a6 4.Ba4 Nf6 5.O-O b5 6.Bb3 Bc5 7.a4 Rb8 8.axb5 
axb5 9.Nxe5 Nxe5 10.d4 Bxd4 11.Qxd4 d6 12.f4 Nc6 13.Qd3 O-O 14.Nc3 Nb4 15.
Qd2 Qe7 16.e5 dxe5 17.fxe5 Qxe5 18.Qg5 Qxg5 19.Bxg5 c5 20.Bf4 Rb6 21.Be3 
Rc6 22.Nxb5 Ba6 23.c4 Ne4 24.Rad1 Rg6 25.Rf4 Bb7 26.g3 Ng5 27.Bxc5 Nh3+ 
28.Kf1 Bg2+ 29.Kxg2 Nxf4+ 30.Kg1 Nfd3 31.Bxf8 Kxf8 32.Bc2 Nxb2 33.Rd8+ Ke7
34.Bxg6 Kxd8 35.Bxf7 N4d3 36.Bg8 Ne5 37.Nd4 Nbxc4 38.Bxc4 Nxc4 39.Ne6+ Ke7
40.Nxg7 Kf6 41.Nh5+ Kg5 42.Nf4 h5 43.Kf2 h4 44.Ng2 hxg3+ 45.hxg3 Nd2 46.
Ne3 Ne4+ 47.Kf3 Nxg3 48.Kxg3 1/2-1/2

[Event "26th EUR-ch"]
[Site "Katowice POL"]
[Date "2026.04.09"]
[Round "3.87"]
[White "Druska, Juraj"]
[Black "Elci, Eren"]
[Result "1-0"]
[WhiteElo "2458"]
[BlackElo "2159"]
[EventDate "2026.04.07"]
[PlyCount "109"]

1.e4 c5 2.Nf3 Nc6 3.d4 cxd4 4.Nxd4 g6 5.c4 Bg7 6.Be3 Qb6 7.Nb3 Qd8 8.Nd4 
Qb6 9.Nb3 Qd8 10.Qd2 Nf6 11.f3 d6 12.Nc3 Be6 13.Be2 a5 14.Nb5 a4 15.N3d4 
Nxd4 16.Nxd4 Nd7 17.O-O O-O 18.b4 axb3 19.axb3 Ne5 20.Qc3 Nc6 21.Rxa8 Qxa8
22.Ra1 Qc8 23.Qd2 Nxd4 24.Bxd4 Bxd4+ 25.Qxd4 Qc5 26.Qxc5 dxc5 27.Ra7 Rb8 
28.Kf2 Kf8 29.Ke3 Ke8 30.Ra5 b6 31.Ra7 Kd8 32.h4 h6 33.e5 b5 34.Ra5 Kc7 
35.Bd3 Rb6 36.Be4 Rb8 37.g3 Rb6 38.cxb5 Bxb3 39.Bc6 Bc4 40.Ra7+ Kd8 41.
Rd7+ Kc8 42.Rxe7 Be6 43.g4 Rb8 44.Ke4 Kd8 45.Re8+ Kc7 46.Rxb8 Kxb8 47.Bd5 
Kc7 48.Bxe6 fxe6 49.Kd3 g5 50.hxg5 hxg5 51.Ke4 Kb6 52.f4 gxf4 53.Kxf4 c4 
54.Ke3 Kxb5 55.g5 1-0

[Event "26th EUR-ch"]
[Site "Katowice POL"]
[Date "2026.04.09"]
[Round "3.88"]
[White "Palczert, Matyas"]
[Black "Tezcan, Alper"]
[Result "1-0"]
[WhiteElo "2457"]
[BlackElo "2122"]
[EventDate "2026.04.07"]
[PlyCount "51"]

1.e4 e5 2.Nf3 Nf6 3.d4 Nxe4 4.Bd3 d5 5.Nxe5 Nd7 6.Nc3 Nxe5 7.dxe5 Bb4 8.
O-O Nxc3 9.bxc3 Bxc3 10.Rb1 O-O 11.Bxh7+ Kxh7 12.Qd3+ Kg8 13.Qxc3 a5 14.
Qg3 Ra6 15.Bg5 Qd7 16.f4 Qf5 17.Rb3 Re8 18.Bf6 Qh7 19.f5 Kf8 20.Bg5 Bxf5 
21.Qf2 g6 22.Qc5+ Kg8 23.Rxb7 Raa8 24.Bf6 Be4 25.Rb3 Bf5 26.Rxf5 1-0

[Event "26th EUR-ch"]
[Site "Katowice POL"]
[Date "2026.04.09"]
[Round "3.89"]
[White "Tsolakidou, Stavroula"]
[Black "Odabasi, Ruzgar"]
[Result "1-0"]
[WhiteElo "2452"]
[BlackElo "2065"]
[EventDate "2026.04.07"]
[PlyCount "139"]

1.e4 c5 2.Nf3 e6 3.g3 d5 4.exd5 exd5 5.d4 Nf6 6.Bg2 Be7 7.O-O O-O 8.Nc3 
Nc6 9.dxc5 d4 10.Na4 Bf5 11.b4 b5 12.Nb2 Nxb4 13.Nxd4 Be4 14.c3 Bxc5 15.
Nxb5 Qxd1 16.Nxd1 Nc2 17.Rb1 a6 18.Bxe4 Nxe4 19.Rb2 Na3 20.Nc7 Ra7 21.Nd5 
Rd8 22.Be3 Nc4 23.Bxc5 Nxc5 24.Re2 Rad7 25.N1e3 Nxe3 26.Nxe3 g6 27.Rc1 Kg7
28.c4 Rd4 29.Rcc2 h5 30.h4 Ne6 31.Kg2 Rd3 32.Rb2 R8d6 33.Rec2 Nc5 34.Nd5 
Rd4 35.Rb6 Rd7 36.Rc6 Nd3 37.Re2 a5 38.Rc8 Nb4 39.Nxb4 axb4 40.Rb2 Rd2 41.
Rxd2 Rxd2 42.Rb8 Rxa2 43.Rxb4 Rc2 44.Kf3 Kf6 45.Ke3 Kf5 46.Rb5+ Ke6 47.Rc5
Kd6 48.Rd5+ Ke6 49.Rd4 Ke5 50.Re4+ Kd6 51.f3 Rc3+ 52.Kf4 f5 53.Re3 Rxc4+ 
54.Kg5 Kd5 55.Kxg6 f4 56.gxf4 Rxf4 57.Kxh5 Rf8 58.Kg6 Kd4 59.Re4+ Kd5 60.
h5 Rxf3 61.Rg4 Ra3 62.h6 Ra6+ 63.Kh5 Ra7 64.Rg7 Ra1 65.Rg5+ Ke6 66.Kg6 Rf1
67.h7 Rf6+ 68.Kg7 Rf7+ 69.Kg8 Ke7 70.Rg7 1-0

[Event "26th EUR-ch"]
[Site "Katowice POL"]
[Date "2026.04.09"]
[Round "3.90"]
[White "Walaszczyk, Aleksander"]
[Black "Willow, Jonah"]
[Result "0-1"]
[WhiteElo "1879"]
[BlackElo "2452"]
[EventDate "2026.04.07"]
[PlyCount "66"]

1.Nf3 Nf6 2.c4 g6 3.Nc3 Bg7 4.d4 d6 5.e4 Bg4 6.Qb3 Bxf3 7.gxf3 Nbd7 8.Be3 
O-O 9.O-O-O Qc8 10.Kb1 c5 11.d5 a6 12.Be2 Qc7 13.a4 Rfb8 14.f4 b5 15.axb5 
axb5 16.cxb5 Ra5 17.Kc2 Qa7 18.Kd2 Nb6 19.Ke1 Na4 20.f3 Nxc3 21.bxc3 Ra3 
22.Qc2 Nh5 23.Kf2 Rxc3 24.Qb1 Rxe3 25.Kxe3 c4+ 26.Kd2 Qa5+ 27.Ke3 Rxb5 28.
Qc1 Qb6+ 29.Kd2 Nxf4 30.Ke1 Ng2+ 31.Kf1 Ne3+ 32.Ke1 Rb2 33.Rf1 Ng2# 0-1

[Event "26th EUR-ch"]
[Site "Katowice POL"]
[Date "2026.04.09"]
[Round "3.91"]
[White "Kovalenko, Igor"]
[Black "Margaritis, Ioannis M."]
[Result "1-0"]
[WhiteElo "2685"]
[BlackElo "2012"]
[EventDate "2026.04.07"]
[PlyCount "147"]

1.c4 Nf6 2.Nf3 e6 3.g3 d5 4.Bg2 d4 5.O-O c5 6.e3 Nc6 7.exd4 cxd4 8.d3 Bd6 
9.a3 a5 10.Bg5 h6 11.Bxf6 Qxf6 12.Nbd2 Qe7 13.Nb3 e5 14.Re1 Be6 15.c5 Bc7 
16.Rc1 a4 17.Nbd2 Ra5 18.Nc4 Rxc5 19.Qxa4 b5 20.Qa8+ Qd8 21.Qxd8+ Kxd8 22.
Ncd2 Rxc1 23.Rxc1 Kd7 24.Ng5 Na7 25.Nxe6 fxe6 26.Ne4 Bd6 27.Bf3 Rc8 28.Ra1
Rc2 29.Rb1 Nc8 30.Bd1 Rc7 31.a4 bxa4 32.Bxa4+ Ke7 33.Bb3 Bb4 34.Kg2 Nd6 
35.Nxd6 Bxd6 36.Kf3 Rb7 37.Bc4 Rb8 38.b3 Rf8+ 39.Ke2 Ra8 40.Rb2 Bb4 41.Kf3
Ra1 42.Re2 Kf6 43.Kg4 Re1 44.Ra2 e4 45.dxe4 Rxe4+ 46.Kf3 Re1 47.Ra4 Bd6 
48.Bd3 Rd1 49.Ke2 Rc1 50.Rxd4 Be5 51.Re4 Bc3 52.Rf4+ Ke7 53.Rc4 Bb2 54.Rg4
Rc8 55.b4 Rd8 56.h4 Bf6 57.Ke3 e5 58.b5 Rd4 59.Rxd4 exd4+ 60.Ke4 Ke6 61.f4
Bd8 62.Kxd4 Bb6+ 63.Ke4 Bf2 64.Kf3 Bb6 65.g4 Bd8 66.g5 hxg5 67.hxg5 Kd5 
68.Kg4 Bb6 69.f5 Bd4 70.Kh5 Kd6 71.Kg6 Ke7 72.Kh7 Kf8 73.f6 gxf6 74.g6 1-0

[Event "26th EUR-ch"]
[Site "Katowice POL"]
[Date "2026.04.09"]
[Round "3.92"]
[White "Deac, Bogdan-Daniel"]
[Black "Yasmo, Daniil"]
[Result "1-0"]
[WhiteElo "2655"]
[BlackElo "2271"]
[EventDate "2026.04.07"]
[PlyCount "89"]

1.Nf3 d5 2.b3 Bf5 3.Bb2 e6 4.g3 h6 5.Bg2 Nf6 6.O-O Nbd7 7.d3 Bd6 8.Nc3 O-O
9.Qe1 Bh7 10.e4 dxe4 11.dxe4 e5 12.Nd2 c6 13.Nc4 Bb4 14.a3 Bc5 15.a4 Qc7 
16.Kh1 Rfe8 17.f3 Rad8 18.Nd1 b5 19.axb5 cxb5 20.Nce3 Nb8 21.c4 Rd3 22.b4 
Bd4 23.Bxd4 exd4 24.Nd5 Nxd5 25.cxd5 f5 26.Qe2 Rb3 27.Qxb5 Rc8 28.e5 Qxe5 
29.Rxa7 f4 30.gxf4 Qf6 31.d6 Bf5 32.Ra8 Qf8 33.Nf2 Be6 34.Qe5 Bc4 35.Rc1 
d3 36.Ne4 Rxb4 37.Bh3 Re8 38.Qc3 Qxf4 39.Rg1 Qxf3+ 40.Bg2 Qf7 41.Qxb4 Bd5 
42.Rxb8 d2 43.Rxe8+ Qxe8 44.d7 Qxd7 45.Qxd2 1-0

[Event "26th EUR-ch"]
[Site "Katowice POL"]
[Date "2026.04.09"]
[Round "3.93"]
[White "Kourkoulos-Arditis, Stamatis"]
[Black "Karvatskyi, Oleksii"]
[Result "0-1"]
[WhiteElo "2583"]
[BlackElo "2269"]
[EventDate "2026.04.07"]
[PlyCount "108"]

1.c4 Nf6 2.Nf3 e6 3.g3 d5 4.Bg2 a6 5.b3 Be7 6.Bb2 O-O 7.O-O Nbd7 8.d4 dxc4
9.bxc4 c5 10.e3 Rb8 11.Nbd2 cxd4 12.exd4 b6 13.Qe2 Bb7 14.a4 a5 15.Rfd1 
Qc7 16.d5 Rbe8 17.dxe6 Bc5 18.Ng5 Bxg2 19.Kxg2 h6 20.Nge4 Rxe6 21.Qf3 Bb4 
22.Nxf6+ Nxf6 23.Nb3 Ne4 24.h4 Rfe8 25.Nd4 Rg6 26.Nf5 Qxc4 27.Rd4 Qe6 28.
Rad1 Nxf2 29.Kxf2 Bc5 30.Kf1 Bxd4 31.Bxd4 Qc4+ 32.Kg2 Qc2+ 33.Kh3 Re2 34.
Rh1 Kh7 35.g4 Rd2 36.Be3 Rd3 37.Re1 Re6 38.Ng3 Rd7 39.h5 Qxa4 40.Qf5+ Kg8 
41.Rc1 Rd8 42.Bg1 Qd7 43.Qf4 Rc8 44.Qd4 Rc7 45.Rxc7 Qxc7 46.Nf5 Qe5 47.
Qd8+ Re8 48.Qxb6 Rb8 49.Qa7 Rb3+ 50.Be3 Rb2 51.Bf2 Qf4 52.Bg1 Qf3+ 53.Ng3 
Qg2+ 54.Kh4 Qh2+ 0-1

[Event "26th EUR-ch"]
[Site "Katowice POL"]
[Date "2026.04.09"]
[Round "3.94"]
[White "Musial, Igor"]
[Black "Yilmaz, Mustafa"]
[Result "0-1"]
[WhiteElo "2270"]
[BlackElo "2582"]
[EventDate "2026.04.07"]
[PlyCount "92"]

1.e4 c5 2.Nf3 d6 3.d4 cxd4 4.Qxd4 Nc6 5.Qd3 Nf6 6.Nc3 g6 7.Nd5 Bg7 8.c3 
Nd7 9.Be3 O-O 10.Rd1 b6 11.Be2 Bb7 12.O-O Nc5 13.Qc2 e6 14.Nf4 Qe7 15.b4 
Nd7 16.Nd3 Rfc8 17.c4 a5 18.a3 axb4 19.axb4 Ra3 20.Rc1 Bc3 21.Qb1 e5 22.c5
Nd4 23.Nxd4 exd4 24.cxd6 Qxd6 25.Bf4 Qe6 26.e5 f6 27.h3 fxe5 28.Bg3 Re8 
29.Rfd1 Ra1 30.Qxa1 Bxa1 31.Rxa1 Qd5 32.Bf1 Ra8 33.Rac1 Kf8 34.Re1 Re8 35.
Rc7 Ba8 36.Ra1 Bc6 37.b5 Bxb5 38.Raa7 Ra8 39.Rxa8+ Qxa8 40.Nxe5 Nxe5 41.
Bxb5 Qd5 42.Rc8+ Kf7 43.Bf1 g5 44.Rc7+ Ke6 45.Rc1 d3 46.Rd1 d2 0-1